Eastern Utah Libraries Catalog: Duchesne, Heber, Roosevelt, & Vernal

Between friends / (Record no. 248737)

MARC details
000 -LEADER
fixed length control field 01791nam a2200469 i 4500
001 - CONTROL NUMBER
control field 2756050
005 - DATE AND TIME OF LATEST TRANSACTION
control field 20190916193628.0
008 - FIXED-LENGTH DATA ELEMENTS--GENERAL INFORMATION
fixed length control field 180309s2018 onca 000 1 eng d
020 ## - INTERNATIONAL STANDARD BOOK NUMBER
International Standard Book Number 9780778331179 :
Terms of availability $7.99
020 ## - INTERNATIONAL STANDARD BOOK NUMBER
International Standard Book Number 0778331172 :
Terms of availability $7.99
035 ## - SYSTEM CONTROL NUMBER
System control number (OCoLC)987400197
035 ## - SYSTEM CONTROL NUMBER
System control number (OCoLC)ocn987400197
035 ## - SYSTEM CONTROL NUMBER
System control number 2726785
040 ## - CATALOGING SOURCE
Original cataloging agency PABRO
Language of cataloging eng
Description conventions rda
Transcribing agency PABRO
043 ## - GEOGRAPHIC AREA CODE
Geographic area code n-us-wa
-- n-us-ny
049 ## - LOCAL HOLDINGS (OCLC)
Holding library IGAA
050 #4 - LIBRARY OF CONGRESS CALL NUMBER
Classification number PS3563.A2364
Item number B48 2018
082 04 - DEWEY DECIMAL CLASSIFICATION NUMBER
Classification number 813/.54
Edition number 23
092 ## - LOCALLY ASSIGNED DEWEY CALL NUMBER (OCLC)
Classification number F MACOMBER
999 ## - SYSTEM CONTROL NUMBERS (KOHA)
Koha Dewey Subclass [OBSOLETE] F
100 1# - MAIN ENTRY--PERSONAL NAME
Personal name Macomber, Debbie,
Relator term author.
9 (RLIN) 21663
245 10 - TITLE STATEMENT
Title Between friends /
Statement of responsibility, etc Debbie Macomber.
260 ## - PUBLICATION, DISTRIBUTION, ETC. (IMPRINT)
Place of publication, distribution, etc Toronto, Ontario, Canada :
Name of publisher, distributor, etc MIRA Books,
Date of publication, distribution, etc 2018
264 #1 - Production, Publication, Distribution, Manufacture, and Copyright Notice.
Place of production, publication, distribution, manufacture Toronto, Ontario, Canada :
Name of producer, publisher, distributor, manufacturer MIRA Books,
Date of production, publication, distribution, manufacture, or copyr [2018]
300 ## - PHYSICAL DESCRIPTION
Extent 491 pages :
Other physical details illustrations ;
Dimensions 17 cm
336 ## - Content Type
Content type term text
337 ## - Media type
Media type term unmediated
338 ## - Carrier type
Carrier type term volume
500 ## - GENERAL NOTE
General note Includes bonus short story "Home to Honeymoon Harbor" by JoAnn Ross.
650 #0 - SUBJECT ADDED ENTRY--TOPICAL TERM
Topical term or geographic name as entry element Female friendship
Form subdivision Fiction.
9 (RLIN) 5674580
650 #0 - SUBJECT ADDED ENTRY--TOPICAL TERM
Topical term or geographic name as entry element Married women
Form subdivision Fiction.
9 (RLIN) 5674257
650 #0 - SUBJECT ADDED ENTRY--TOPICAL TERM
Topical term or geographic name as entry element Women lawyers
Form subdivision Fiction.
9 (RLIN) 5678703
650 #7 - SUBJECT ADDED ENTRY--TOPICAL TERM
Topical term or geographic name as entry element FICTION / Romance / Contemporary
Source of heading or term bisacsh
9 (RLIN) 5679126
650 #7 - SUBJECT ADDED ENTRY--TOPICAL TERM
Topical term or geographic name as entry element FICTION / Women
Source of heading or term bisacsh
9 (RLIN) 5739043
651 #0 - SUBJECT ADDED ENTRY--GEOGRAPHIC NAME
Geographic name New York (N.Y.)
Form subdivision Fiction.
9 (RLIN) 5673704
651 #0 - SUBJECT ADDED ENTRY--GEOGRAPHIC NAME
Geographic name Washington (State)
Form subdivision Fiction.
9 (RLIN) 5674856
700 12 - ADDED ENTRY--PERSONAL NAME
Personal name Ross, JoAnn.
Title of a work Home to Honeymoon Harbor.
9 (RLIN) 5790359
787 0# - NONSPECIFIC RELATIONSHIP ENTRY
Note OCLC Work Id
Other item identifier http://worldcat.org/entity/work/id/769373
942 ## - ADDED ENTRY ELEMENTS (KOHA)
Source of classification or shelving scheme Dewey Decimal Classification
Koha item type BOOK
948 ## - LOCAL PROCESSING INFORMATION (OCLC); SERIES PART DESIGNATOR (RLIN)
Series part designator, SPT (RLIN) BPF
b (OCLC) ADULT
p (OCLC) X118870880
h (OCLC) F
f (OCLC) 1
r (OCLC) 2
g (OCLC) 1
7 (OCLC) 0
u (OCLC) 3
w (OCLC) 53
s (OCLC) 0
o (OCLC) BPF
0 (OCLC) $7.99
y (OCLC) 99
c (OCLC) 26
j (OCLC) Dewey Decimal
n (OCLC) On-Order
e (OCLC) 1412646-1
9 (OCLC) Item generated Aug 10 2018 9:07AM
Holdings
Withdrawn status Lost status Source of classification or shelving scheme Damaged status Not for loan Collection code Home library Current library Shelving location Date acquired Source of acquisition Total Checkouts Total Renewals Full call number Barcode Date last seen Date checked out Cost, replacement price Price effective from Koha item type
    Dewey Decimal Classification     Fiction Wasatch County Library Wasatch County Library First Floor 01/25/2021 Donation 9 4 F Macomber 34301001696444 02/29/2024 07/06/2023 14.95 01/25/2021 BOOK
This project was made possible through a grant from the Institute of Museum and Library Service administered by the Utah State Library Division.

Wasatch County Library

  • 465 East 1200 South, Heber City, Utah 84032
  • Phone 435-654-1511 | Fax 435-654-6456

Hours

  • Monday - Friday 9:30 AM - 8:00 PM
  • Saturday 9:30 AM - 1:30 PM
  • Closed Sundays and Holidays